[Event "Santa Fe Perez op"]
[Site "Santa Fe"]
[Date "2023.01.26"]
[Round "1"]
[White "Mathey, Carlos"]
[Black "Fiorito, Fabian"]
[Result "0-1"]
[WhiteElo "1595"]
[BlackElo "2342"]
[PlyCount "36"]
[EventDate "2023.01.26"]
[EventType "swiss"]
[EventRounds "7"]
[EventCountry "ARG"]
[SourceTitle "CBM 212 Extra"]
[Source "ChessBase"]
[SourceDate "2023.03.31"]
[SourceVersion "1"]
[SourceVersionDate "2023.03.31"]
[SourceQuality "1"]

1. c4 Nf6 2. Nc3 e5 3. g3 Bb4 4. Qb3 Nc6 5. e3 Bxc3 6. bxc3 d6 7. Bg2 e4 8. a4 0-0 9. a5 Ne5 10. Bf1 Be6 11. Ba3 Rb8 12. 0-0-0 b5 13. axb6 Rxb6 14. Qa2 Qd7 15. f4 Nd3+ 16. Bxd3 exd3 17. Nf3 Rfb8 18. Nd4 Bxc4 0-1

[Event "Corrientes Mayor Rosarino op"]
[Site "Corrientes"]
[Date "2022.10.08"]
[Round "4"]
[White "Sanchez, Christian"]
[Black "Mathey, Carlos"]
[Result "1-0"]
[WhiteElo "1914"]
[BlackElo "1614"]
[PlyCount "40"]
[EventDate "2022.10.06"]
[EventType "swiss"]
[EventRounds "9"]
[EventCountry "ARG"]
[SourceTitle "CBM 210 Extra"]
[Source "ChessBase"]
[SourceDate "2022.11.30"]
[SourceVersion "1"]
[SourceVersionDate "2022.11.30"]
[SourceQuality "1"]

1. e4 e6 2. d4 d5 3. Nc3 dxe4 4. Nxe4 b6 5. Nf3 Bb7 6. Bb5+ Nd7 7. Ne5 Bxe4 8. Bxd7+ Ke7 9. Bc6 f6 10. Bxe4 fxe5 11. Bg5+ Nf6 12. dxe5 Rb8 13. Qf3 Kf7 14. exf6 gxf6 15. 0-0 Bd6 16. Qh5+ Ke7 17. Bh4 Qg8 18. Rfe1 Qg7 19. Bd5 e5 20. Rxe5+ Kd7 1-0

[Event "ARG-ch Seniors 65"]
[Site "Buenos Aires"]
[Date "2021.12.11"]
[Round "7"]
[White "Mathey, Carlos"]
[Black "Retamar, Guillermo Ernesto"]
[Result "1-0"]
[WhiteElo "1633"]
[BlackElo "1660"]
[PlyCount "105"]
[EventDate "2021.12.08"]
[EventType "swiss"]
[EventRounds "7"]
[EventCountry "ARG"]
[SourceTitle "CBM 205 Extra"]
[Source "ChessBase"]
[SourceDate "2022.01.31"]
[SourceVersion "1"]
[SourceVersionDate "2022.01.31"]
[SourceQuality "1"]

1. b4 e5 2. Bb2 Bxb4 3. Bxe5 Nf6 4. e3 d5 5. f4 c6 6. Nf3 0-0 7. Bd3 Nbd7 8. 0-0 Nc5 9. Qe2 Nxd3 10. cxd3 Re8 11. Nc3 Ng4 12. h3 Nxe5 13. fxe5 h6 14. Nd1 Ba5 15. d4 Bc7 16. Qf2 f6 17. Nh4 Rf8 18. Ng6 Rf7 19. Qh4 fxe5 20. Qxd8+ Bxd8 21. Rxf7 Kxf7 22. Nxe5+ Ke6 23. Rc1 Bc7 24. Nd3 Kd6 25. Nc3 Ba5 26. Rf1 Be6 27. Nc5 Bxc3 28. dxc3 b6 29. Nd3 c5 30. Rf3 c4 31. Nf4 Rf8 32. Rg3 g5 33. Ng6 Rf5 34. Ne5 b5 35. Rf3 Rxf3 36. Nxf3 g4 37. hxg4 Bxg4 38. Nd2 Bf5 39. a3 a5 40. Kf2 Bd3 41. Ke1 Ke6 42. g4 Kf6 43. Nf3 Be4 44. Ne5 Kg5 45. Nf7+ Kxg4 46. Nxh6+ Kf3 47. Kd2 Bg6 48. Ng8 Bf7 49. Ne7 b4 50. cxb4 axb4 51. axb4 c3+ 52. Kxc3 Kxe3 53. b5 1-0

[Event "ARG-ch Seniors 65"]
[Site "Buenos Aires"]
[Date "2021.12.10"]
[Round "4"]
[White "Mathey, Carlos"]
[Black "Fernandez, Antonio Omar"]
[Result "1-0"]
[WhiteElo "1633"]
[BlackElo "1504"]
[PlyCount "65"]
[EventDate "2021.12.08"]
[EventType "swiss"]
[EventRounds "7"]
[EventCountry "ARG"]
[SourceTitle "CBM 205 Extra"]
[Source "ChessBase"]
[SourceDate "2022.01.31"]
[SourceVersion "1"]
[SourceVersionDate "2022.01.31"]
[SourceQuality "1"]

1. c4 Nf6 2. Nc3 g6 3. g3 Bg7 4. Bg2 0-0 5. d4 d6 6. Nf3 c6 7. 0-0 Qb6 8. Na4 Qc7 9. b4 e5 10. c5 exd4 11. Nxd4 d5 12. Bf4 Qd8 13. e3 Re8 14. Nc3 Nbd7 15. Bd6 Ne5 16. Bxe5 Rxe5 17. b5 Qe8 18. a4 Rxe3 19. fxe3 Qxe3+ 20. Kh1 Qxc3 21. Rc1 Qe3 22. Re1 Qg5 23. bxc6 bxc6 24. Nxc6 Bg4 25. Qc2 Bf5 26. Ne7+ Kf8 27. Nxf5 gxf5 28. Re5 Qh6 29. Rxf5 Ng4 30. Bxd5 Bf6 31. Rxf6 Qxf6 32. Bxa8 Nf2+ 33. Kg2 1-0

[Event "ARG-ch Seniors 65"]
[Site "Buenos Aires"]
[Date "2021.12.09"]
[Round "3"]
[White "Mathey, Carlos"]
[Black "Contreras, Ruben"]
[Result "1-0"]
[WhiteElo "1633"]
[BlackElo "1785"]
[PlyCount "79"]
[EventDate "2021.12.08"]
[EventType "swiss"]
[EventRounds "7"]
[EventCountry "ARG"]
[SourceTitle "CBM 205 Extra"]
[Source "ChessBase"]
[SourceDate "2022.01.31"]
[SourceVersion "1"]
[SourceVersionDate "2022.01.31"]
[SourceQuality "1"]

1. c4 Nf6 2. Nc3 g6 3. g3 Bg7 4. Bg2 Nc6 5. d4 e6 6. Bg5 h6 7. Bxf6 Qxf6 8. e3 0-0 9. Nge2 Rb8 10. 0-0 b6 11. Qa4 Bb7 12. b4 Rfd8 13. Rad1 a5 14. b5 Ne7 15. e4 g5 16. g4 Qg6 17. Ng3 f5 18. f3 f4 19. Nh5 Bh8 20. Qb3 Qf7 21. Rfe1 d5 22. cxd5 exd5 23. e5 Qe6 24. h4 Rf8 25. Ne2 Ng6 26. hxg5 hxg5 27. Rc1 Rbc8 28. Kf2 Rf7 29. Rh1 Rh7 30. Qd3 Nf8 31. Rh2 Qg6 32. Qf5 Qxf5 33. gxf5 c6 34. bxc6 Rxc6 35. Rch1 Rcc7 36. Bf1 Bc8 37. e6 Rc2 38. Ke1 Re7 39. Rg1 Rg7 40. Nf6# 1-0